[Event "BL2 Ost 0809 (Women)"]
[Site "Germany"]
[Date "2009.03.07"]
[Round "6.1"]
[White "Busse, Nadine"]
[Black "Daemering, Katrin"]
[Result "1-0"]
[WhiteElo "1921"]
[BlackElo "2053"]
[PlyCount "131"]
[EventDate "2008.11.08"]
[EventType "team-tourn"]
[EventRounds "7"]
[EventCountry "GER"]
[SourceTitle "EXT 2010"]
[Source "ChessBase"]
[SourceDate "2010.11.25"]
[SourceVersion "1"]
[SourceVersionDate "2010.11.25"]
[SourceQuality "1"]
[WhiteTeam "Ruedersdorf (W)"]
[BlackTeam "Leipzig Lindenau (W)"]
[WhiteTeamCountry "GER"]
[BlackTeamCountry "GER"]

1. e4 c5 2. Nf3 d6 3. d4 cxd4 4. Nxd4 Nf6 5. Nc3 a6 6. Bc4 e6 7. Bb3 Qc7 8. Be3 Be7 9. f3 Nc6 10. Qd2 0-0 11. 0-0-0 Na5 12. Kb1 b5 13. g4 Nc4 14. Bxc4 bxc4 15. Ka1 Rd8 16. h4 Rb8 17. h5 Qb7 18. Rb1 e5 19. Nde2 d5 20. exd5 Nxd5 21. Nxd5 Rxd5 22. Qc1 Ra5 23. Bd2 Rxa2+ 24. Kxa2 Qb5 25. Ra1 c3 26. Nxc3 Be6+ 27. Kb1 Qc6 28. Ne4 Bd5 29. Re1 Bd8 30. Ba5 Be7 31. Qd2 h6 32. Qc3 Qb7 33. Re3 f6 34. Kc1 Rc8 35. Qd2 f5 36. gxf5 Bxe4 37. fxe4 Bg5 38. Qd3 Qc6 39. Bd2 Bxe3 40. Bxe3 Kh7 41. Rxa6 Qe8 42. Qe2 Qe7 43. Ra7 Qh4 44. b3 Qxe4 45. Qf2 Rxc2+ 46. Qxc2 Qxe3+ 47. Kb2 Qxa7 48. f6+ Kh8 49. Qc8+ Kh7 50. Qf5+ Kg8 51. Qxe5 Qf2+ 52. Ka3 Qa7+ 53. Kb4 Qb6+ 54. Kc4 Qc6+ 55. Kd3 Qf3+ 56. Kc2 Qc6+ 57. Kb1 Qh1+ 58. Kb2 Qg2+ 59. Ka3 Qa8+ 60. Kb4 Qb7+ 61. Qb5 Qxb5+ 62. Kxb5 gxf6 63. Kc5 Kf7 64. Kd6 Kf8 65. Ke6 Kg7 66. b4 1-0

[Event "BL2 Ost 0809 (Women)"]
[Site "Germany"]
[Date "2008.12.07"]
[Round "4.1"]
[White "Busse, Nadine"]
[Black "Skibbe, Diana"]
[Result "1/2-1/2"]
[WhiteElo "1921"]
[BlackElo "2092"]
[PlyCount "85"]
[EventDate "2008.11.08"]
[EventType "team-tourn"]
[EventRounds "7"]
[EventCountry "GER"]
[SourceTitle "EXT 2010"]
[Source "ChessBase"]
[SourceDate "2010.11.25"]
[SourceVersion "1"]
[SourceVersionDate "2010.11.25"]
[SourceQuality "1"]
[WhiteTeam "Ruedersdorf (W)"]
[BlackTeam "Zeulenroda (W)"]
[WhiteTeamCountry "GER"]
[BlackTeamCountry "GER"]

1. e4 e5 2. Nc3 Nf6 3. f4 d5 4. fxe5 Nxe4 5. Nf3 Be7 6. g3 0-0 7. Qe2 Nc6 8. Nxe4 dxe4 9. Qxe4 Be6 10. Bg2 Bd5 11. Qe3 Nb4 12. Qc3 Bc6 13. 0-0 Nd5 14. Qc4 Qd7 15. Nd4 Nb6 16. Bxc6 bxc6 17. Qc3 c5 18. Nf5 c4 19. Nxe7+ Qxe7 20. b3 Qe6 21. Bb2 a5 22. d3 cxd3 23. Qxd3 Rfd8 24. Qe2 Rd7 25. Rad1 Rad8 26. a4 Nd5 27. Qf3 Qb6+ 28. Rf2 c6 29. Re1 Nc7 30. Kg2 Ne6 31. Bc3 Qc5 32. Ref1 Ng5 33. Qh5 Qd5+ 34. Kg1 Ne4 35. Bxa5 Qxa5 36. Rxf7 Qc5+ 37. Kg2 Rxf7 38. Qxf7+ Kh8 39. Qf5 Qxc2+ 40. Kh3 h6 41. Kg4 Qe2+ 42. Qf3 Qd2 43. Qxe4 1/2-1/2

[Event "BL2 Ost 0708 (Women)"]
[Site "Germany"]
[Date "2007.12.01"]
[Round "3.6"]
[White "Busse, Nadine"]
[Black "Steiner, Susanne"]
[Result "1-0"]
[WhiteElo "1928"]
[BlackElo "1698"]
[PlyCount "39"]
[EventDate "2007.11.10"]
[EventType "team-tourn"]
[EventRounds "7"]
[EventCountry "GER"]
[SourceTitle "CBM 121 Extra"]
[Source "ChessBase"]
[SourceDate "2008.01.10"]
[SourceVersion "1"]
[SourceVersionDate "2008.01.10"]
[SourceQuality "1"]
[WhiteTeam "Ruedersdorf (W)"]
[BlackTeam "Braunschweig (W)"]
[WhiteTeamCountry "GER"]
[BlackTeamCountry "GER"]

1. e4 c6 2. d4 d5 3. exd5 cxd5 4. Bd3 Nc6 5. c3 Nf6 6. h3 Qc7 7. Nf3 Ne4 8. Ng5 Nf6 9. 0-0 e6 10. Re1 Bd6 11. Nd2 h6 12. Ngf3 0-0 13. Nf1 a6 14. Bd2 b5 15. Qc1 Re8 16. Bxh6 gxh6 17. Qxh6 Qd8 18. Ne5 Bb7 19. Re3 Bxe5 20. dxe5 1-0

[Event "BL2 Ost 0708 (Women)"]
[Site "Germany"]
[Date "2007.11.10"]
[Round "1.5"]
[White "Scholz, Jutta"]
[Black "Busse, Nadine"]
[Result "0-1"]
[WhiteElo "1560"]
[BlackElo "1934"]
[PlyCount "64"]
[EventDate "2007.11.10"]
[EventType "team-tourn"]
[EventRounds "7"]
[EventCountry "GER"]
[SourceTitle "EXT 2009"]
[Source "ChessBase"]
[SourceDate "2008.11.26"]
[SourceVersion "1"]
[SourceVersionDate "2008.11.26"]
[SourceQuality "1"]
[WhiteTeam "Potsdam (W)"]
[BlackTeam "Ruedersdorf (W)"]
[WhiteTeamCountry "GER"]
[BlackTeamCountry "GER"]

1. e4 c5 2. Nc3 e6 3. g3 g6 4. Bg2 Bg7 5. d3 Nc6 6. f4 Nge7 7. Nf3 d6 8. 0-0 0-0 9. Ne2 Rb8 10. c3 b5 11. Rb1 b4 12. Be3 Qa5 13. Qc2 bxc3 14. bxc3 Ba6 15. a4 Rxb1 16. Rxb1 Rb8 17. Rxb8+ Nxb8 18. Qb3 Nd7 19. Bd2 Nb6 20. c4 Qxa4 21. Qxa4 Nxa4 22. g4 Nc6 23. f5 Nb4 24. fxe6 fxe6 25. Nc1 Nb2 26. Bf1 Bb7 27. g5 a5 28. Bh3 Kf7 29. Bf1 a4 30. d4 Bxe4 31. Kf2 Bxf3 32. Kxf3 Bxd4 0-1

[Event "GER-ch U18 Girls"]
[Site "Willingen"]
[Date "2005.05.19"]
[Round "7"]
[White "Busse, Nadine"]
[Black "Gussakovski, Jana"]
[Result "1-0"]
[WhiteElo "1710"]
[BlackElo "2080"]
[PlyCount "99"]
[EventDate "2005.05.14"]
[EventType "swiss"]
[EventRounds "9"]
[EventCountry "GER"]
[SourceTitle "CBM 106 Extra"]
[Source "ChessBase"]
[SourceDate "2005.07.01"]
[SourceVersion "1"]
[SourceVersionDate "2005.07.01"]
[SourceQuality "1"]

1. e4 c5 2. Nf3 e6 3. d4 cxd4 4. Nxd4 Nf6 5. Nc3 Bb4 6. e5 Nd5 7. Qg4 Kf8 8. Bd2 Bxc3 9. bxc3 d6 10. Qg3 dxe5 11. Qxe5 Qc7 12. Qxc7 Nxc7 13. Bf4 Ne8 14. 0-0-0 f6 15. Nxe6+ Bxe6 16. Rd8 Ke7 17. Rxb8 Rxb8 18. Bxb8 Nd6 19. Bxa7 Ra8 20. Bc5 Rxa2 21. Kb1 b6 22. Bb4 Kd7 23. Bd3 Kc6 24. Bxh7 Ra7 25. Rd1 Nc4 26. Bg6 Ne5 27. Rd6+ Kc7 28. Rxe6 Nxg6 29. f4 Ra8 30. f5 Nh4 31. Re7+ Kc6 32. Rxg7 Nxf5 33. Rf7 Ne3 34. Rxf6+ Kb5 35. Rg6 Rd8 36. g3 Rd1+ 37. Kb2 Rd2 38. h4 Rxc2+ 39. Kb3 Rg2 40. c4+ Ka6 41. c5 Nd5 42. c6 Kb5 43. Bc3 Rf2 44. Be5 Rf3+ 45. Kb2 Rf2+ 46. Kc1 Ne3 47. c7 Rc2+ 48. Kb1 Ka4 49. Rg8 Kb4 50. c8Q 1-0

[Event "GER-ch U18 Girls"]
[Site "Willingen"]
[Date "2005.05.17"]
[Round "6"]
[White "Romakin, Helene"]
[Black "Busse, Nadine"]
[Result "1/2-1/2"]
[WhiteElo "2013"]
[BlackElo "1710"]
[PlyCount "50"]
[EventDate "2005.05.14"]
[EventType "swiss"]
[EventRounds "9"]
[EventCountry "GER"]
[SourceTitle "CBM 106 Extra"]
[Source "ChessBase"]
[SourceDate "2005.07.01"]
[SourceVersion "1"]
[SourceVersionDate "2005.07.01"]
[SourceQuality "1"]

1. e4 c5 2. c3 d5 3. exd5 Qxd5 4. Nf3 Bg4 5. Qa4+ Bd7 6. Qb3 Qxb3 7. axb3 Nc6 8. Bc4 Nf6 9. Na3 a6 10. Nc2 Bg4 11. Bb5 Bxf3 12. gxf3 Rc8 13. Bxc6+ Rxc6 14. d4 e6 15. dxc5 Bxc5 16. b4 Bb6 17. Be3 Nd5 18. Bxb6 Nxb6 19. Nd4 Rd6 20. b5 axb5 21. Nxb5 Rd7 22. b3 Ke7 23. Ra7 Rhd8 24. 0-0 Nc8 25. Ra4 Nd6 1/2-1/2

[Event "GER-chT U20 Girls"]
[Site "Pori"]
[Date "2004.12.28"]
[Round "3.4"]
[White "Busse, Nadine"]
[Black "Hafner, Katrin"]
[Result "1-0"]
[WhiteElo "1739"]
[BlackElo "1492"]
[PlyCount "99"]
[EventDate "2004.12.27"]
[EventType "team"]
[EventRounds "7"]
[EventCountry "GER"]
[SourceTitle "EXT 2006"]
[Source "ChessBase"]
[SourceDate "2005.11.24"]
[SourceVersion "1"]
[SourceVersionDate "2005.11.24"]
[SourceQuality "1"]

1. e4 e6 2. d4 d5 3. e5 c5 4. c3 Nc6 5. Nf3 Qb6 6. Be2 cxd4 7. cxd4 f6 8. 0-0 fxe5 9. dxe5 Nge7 10. Bd3 g6 11. a3 a5 12. Nc3 Bg7 13. Qe2 Nd4 14. Nxd4 Qxd4 15. Re1 0-0 16. Nb5 Qb6 17. Be3 Qd8 18. f4 Bd7 19. Nd6 Bc6 20. Qg4 Nf5 21. Bxf5 exf5 22. Qe2 Qd7 23. b4 axb4 24. axb4 b5 25. Bc5 Qe6 26. Nxb5 Rxa1 27. Rxa1 Rb8 28. Nd4 Qe8 29. Ra7 Bb5 30. Nxb5 Rxb5 31. Qa2 Rb8 32. Qxd5+ Kh8 33. Qd7 Qg8 34. Qf7 Qxf7 35. Rxf7 Kg8 36. e6 Re8 37. Re7 Rc8 38. Rd7 Bf6 39. Kf2 Re8 40. e7 Kf7 41. Ke3 h5 42. b5 Bxe7 43. Rxe7+ Rxe7+ 44. Bxe7 Kxe7 45. Kd4 Kd6 46. g3 Kc7 47. Ke5 Kb6 48. Kf6 Kxb5 49. Kxg6 h4 50. gxh4 1-0

[Event "GER-chT U20 Girls"]
[Site "Pori"]
[Date "2004.12.27"]
[Round "2.4"]
[White "Nischik, Natascha"]
[Black "Busse, Nadine"]
[Result "0-1"]
[WhiteElo "1329"]
[BlackElo "1739"]
[PlyCount "54"]
[EventDate "2004.12.27"]
[EventType "team"]
[EventRounds "7"]
[EventCountry "GER"]
[SourceTitle "EXT 2006"]
[Source "ChessBase"]
[SourceDate "2005.11.24"]
[SourceVersion "1"]
[SourceVersionDate "2005.11.24"]
[SourceQuality "1"]

1. e4 c5 2. Nf3 e6 3. d3 Qc7 4. g3 g6 5. Bg2 Bg7 6. Nbd2 Nc6 7. 0-0 Nge7 8. Rb1 0-0 9. Nb3 d6 10. Be3 Rb8 11. Qd2 Rd8 12. c3 b5 13. Nc1 Ba6 14. d4 b4 15. Rd1 bxc3 16. Qxc3 Qc8 17. Qe1 cxd4 18. Nxd4 Ne5 19. Nf3 Nc4 20. Bxa7 Rxb2 21. Rxb2 Nxb2 22. Rd2 Nc6 23. Bb6 Rd7 24. Rc2 Qb7 25. Qe3 Nc4 26. Qb3 Nxb6 27. Qe3 Nb4 0-1

[Event "Greifswald Ryck op"]
[Site "Greifswald"]
[Date "2004.08.26"]
[Round "1"]
[White "Hartmann, Elisa"]
[Black "Busse, Nadine"]
[Result "0-1"]
[WhiteElo "1350"]
[BlackElo "1778"]
[PlyCount "66"]
[EventDate "2004.08.26"]
[EventType "swiss"]
[EventRounds "7"]
[EventCountry "GER"]
[SourceTitle "EXT 2023"]
[Source "ChessBase"]
[SourceDate "2022.10.05"]
[SourceVersion "1"]
[SourceVersionDate "2022.10.05"]
[SourceQuality "1"]

1. e4 c5 2. Nc3 e6 3. g3 g6 4. Bg2 Bg7 5. f4 d6 6. Nf3 Nc6 7. 0-0 Nge7 8. d3 Rb8 9. a4 a6 10. Ne2 0-0 11. c3 b5 12. axb5 axb5 13. Be3 b4 14. d4 bxc3 15. bxc3 d5 16. e5 Nf5 17. Bf2 cxd4 18. Nexd4 Nfe7 19. Nxc6 Nxc6 20. Nd4 Qc7 21. Nxc6 Qxc6 22. Bd4 Ba6 23. Rf2 Bc4 24. Bf1 Rb7 25. Bxc4 Qxc4 26. Rfa2 Rfb8 27. Ra8 Bf8 28. Rxb8 Rxb8 29. Qf1 Qb3 30. Qa6 Qc2 31. Qa7 Rb2 32. Bf2 Qxc3 33. Rd1 Rxf2 0-1

[Event "GER-chT U20 Girls"]
[Site "Ditzingen"]
[Date "2003.12.30"]
[Round "7.4"]
[White "Rohlfs, Ricarda"]
[Black "Busse, Nadine"]
[Result "0-1"]
[WhiteElo "1671"]
[BlackElo "1664"]
[PlyCount "74"]
[EventDate "2003.12.27"]
[EventType "team-swiss"]
[EventRounds "7"]
[EventCountry "GER"]
[SourceTitle "EXT 2022"]
[Source "ChessBase"]
[SourceDate "2021.10.06"]
[SourceVersion "1"]
[SourceVersionDate "2021.10.06"]
[SourceQuality "1"]
[WhiteTeam "Eppendorf Johanneum U20 Girls"]
[BlackTeam "Ruedersdorf Glueckauf U20 Girls"]
[WhiteTeamCountry "GER"]
[BlackTeamCountry "GER"]

1. e4 c5 2. Nc3 d6 3. Nf3 Nf6 4. d4 cxd4 5. Nxd4 a6 6. Be2 e6 7. 0-0 Be7 8. f4 Qc7 9. Kh1 b5 10. Bd3 Bb7 11. Qe1 Nbd7 12. Nb3 Nb6 13. a3 Nc4 14. Nd2 Nxa3 15. Rxa3 b4 16. Rb3 bxc3 17. Rxc3 Qd7 18. Qf2 0-0 19. Qg3 Rfc8 20. Rxc8+ Rxc8 21. Nc4 Qc7 22. Nd2 Qb6 23. Qh3 e5 24. Qg3 Qc7 25. f5 d5 26. exd5 Bxd5 27. c3 Bd6 28. Qh4 Qb7 29. Qf2 e4 30. Be2 e3 31. Qg1 exd2 32. Bxd2 Bc5 33. Rf2 Qb6 34. Be1 Ne4 35. Qf1 Bxf2 36. Bxf2 Qxf2 37. Qd1 Ng3+ 0-1

[Event "GER-chT U20 Girls"]
[Site "Ditzingen"]
[Date "2003.12.29"]
[Round "5.4"]
[White "Koenig, Laura"]
[Black "Busse, Nadine"]
[Result "0-1"]
[WhiteElo "1183"]
[BlackElo "1664"]
[PlyCount "106"]
[EventDate "2003.12.27"]
[EventType "team-swiss"]
[EventRounds "7"]
[EventCountry "GER"]
[SourceTitle "EXT 2022"]
[Source "ChessBase"]
[SourceDate "2021.10.06"]
[SourceVersion "1"]
[SourceVersionDate "2021.10.06"]
[SourceQuality "1"]
[WhiteTeam "Koenig Tegel U20 Girls"]
[BlackTeam "Ruedersdorf Glueckauf U20 Girls"]
[WhiteTeamCountry "GER"]
[BlackTeamCountry "GER"]

1. e4 c5 2. Nf3 d6 3. d4 cxd4 4. Bc4 e6 5. Qe2 Qc7 6. 0-0 a6 7. Rd1 b5 8. Bb3 Nd7 9. c3 d3 10. Rxd3 Nc5 11. Rd1 Nxb3 12. axb3 Be7 13. b4 Bb7 14. b3 Nf6 15. Nbd2 Qxc3 16. Ba3 Qc7 17. Rac1 Qb8 18. Bb2 e5 19. h3 0-0 20. Qe3 Rc8 21. Ne1 Rxc1 22. Rxc1 Qd8 23. Nd3 Rc8 24. f4 Rxc1+ 25. Bxc1 Qc7 26. Bb2 Qc6 27. fxe5 Nxe4 28. Nxe4 Qxe4 29. Qxe4 Bxe4 30. exd6 Bxd6 31. Nc5 Bc2 32. Nxa6 Bxb3 33. Bc3 g6 34. Kf2 f5 35. Nc5 Bd5 36. Bd2 Kf7 37. Bc3 f4 38. Nd3 g5 39. Ne5+ Ke6 40. Nd3 h5 41. Bd2 Kf5 42. Be1 Ke4 43. Nc5+ Kf5 44. Bd2 Be5 45. Nd3 Bd4+ 46. Kf1 Bc4 47. Ke2 Ke4 48. Ke1 Bxd3 49. Bc1 Bc3+ 50. Kf2 Bxb4 51. Bb2 Bc5+ 52. Ke1 b4 53. Kd2 Bf1 0-1

[Event "Greifswald op"]
[Site "Greifswald"]
[Date "2003.08.30"]
[Round "5"]
[White "Busse, Nadine"]
[Black "Voelschow, Andreas"]
[Result "1/2-1/2"]
[WhiteElo "1680"]
[BlackElo "1878"]
[PlyCount "59"]
[EventDate "2003.08.??"]
[EventType "swiss"]
[EventRounds "7"]
[EventCountry "GER"]
[SourceTitle "EXT 2005"]
[Source "ChessBase"]
[SourceDate "2004.11.15"]
[SourceVersion "1"]
[SourceVersionDate "2004.11.15"]
[SourceQuality "1"]

1. e4 d5 2. exd5 Qxd5 3. Nc3 Qa5 4. d4 Nf6 5. Bc4 c6 6. Bb3 Bf5 7. Bd2 e6 8. Nf3 Nbd7 9. Qe2 Bb4 10. 0-0-0 Qc7 11. Ne5 Nxe5 12. dxe5 Nd5 13. Nxd5 Bxd2+ 14. Rxd2 exd5 15. g4 Bg6 16. f4 Be4 17. Re1 h5 18. gxh5 0-0-0 19. Rg1 Rh7 20. c3 Rdh8 21. Bc2 Bxc2 22. Rxc2 Rxh5 23. Rxg7 Qd7 24. Qg4 Qxg4 25. Rxg4 R8h7 26. Rgg2 Kd7 27. Rgf2 Ke6 28. Rce2 Kf5 29. Kd2 Rh4 30. Ke3 1/2-1/2

[Event "Greifswald op"]
[Site "Greifswald"]
[Date "2003.08.29"]
[Round "4"]
[White "Kleeschaetzky, Ralf"]
[Black "Busse, Nadine"]
[Result "1-0"]
[WhiteElo "2219"]
[BlackElo "1680"]
[PlyCount "59"]
[EventDate "2003.08.??"]
[EventType "swiss"]
[EventRounds "7"]
[EventCountry "GER"]
[SourceTitle "EXT 2005"]
[Source "ChessBase"]
[SourceDate "2004.11.15"]
[SourceVersion "1"]
[SourceVersionDate "2004.11.15"]
[SourceQuality "1"]

1. Nf3 d5 2. c4 e6 3. g3 Nf6 4. Bg2 Be7 5. 0-0 0-0 6. b3 Nbd7 7. Bb2 b6 8. Nc3 Bb7 9. d4 c5 10. e3 Ba6 11. Nb5 Bxb5 12. cxb5 Rc8 13. Rc1 Ne4 14. Ne5 Nxe5 15. dxe5 f5 16. exf6 Bxf6 17. Bxe4 dxe4 18. Qc2 Bxb2 19. Qxb2 Qd7 20. Qe2 Rf5 21. Qc4 Re8 22. a4 Qd3 23. Rfd1 Qxc4 24. bxc4 Ref8 25. Rc2 g6 26. Rcd2 R5f7 27. a5 e5 28. axb6 axb6 29. Ra1 Rf6 30. Ra7 1-0

[Event "Greifswald op"]
[Site "Greifswald"]
[Date "2003.08.28"]
[Round "1"]
[White "Busse, Nadine"]
[Black "Scheiwe, Clemens"]
[Result "1-0"]
[WhiteElo "1680"]
[BlackElo "802"]
[PlyCount "45"]
[EventDate "2003.08.??"]
[EventType "swiss"]
[EventRounds "7"]
[EventCountry "GER"]
[SourceTitle "EXT 2005"]
[Source "ChessBase"]
[SourceDate "2004.11.15"]
[SourceVersion "1"]
[SourceVersionDate "2004.11.15"]
[SourceQuality "1"]

1. e4 e5 2. Nc3 Nc6 3. Bc4 Nf6 4. f4 Nxe4 5. Nxe4 d5 6. Bb5 Qh4+ 7. g3 Qe7 8. Nf2 exf4+ 9. Qe2 Be6 10. gxf4 0-0-0 11. Bxc6 bxc6 12. d4 g6 13. Bd2 Bg7 14. Nf3 Qf6 15. Ne5 Rde8 16. Qa6+ Kd8 17. 0-0-0 c5 18. dxc5 Bf5 19. Qxf6+ Bxf6 20. Nxf7+ Kc8 21. Nxh8 Rxh8 22. Ba5 Kd7 23. Rxd5+ 1-0

[Event "GER-ch U16 Girls"]
[Site "Willingen"]
[Date "2003.06.14"]
[Round "9"]
[White "Busse, Nadine"]
[Black "Mersmann, Maren"]
[Result "1/2-1/2"]
[WhiteElo "1586"]
[BlackElo "1669"]
[PlyCount "89"]
[EventDate "2003.06.08"]
[EventType "swiss"]
[EventRounds "9"]
[EventCountry "GER"]
[SourceTitle "CBM 094 Extra"]
[Source "ChessBase"]
[SourceDate "2003.07.09"]
[SourceVersion "2"]
[SourceVersionDate "2003.07.09"]
[SourceQuality "1"]

1. e4 e5 2. Nc3 Nc6 3. Bc4 Bc5 4. d3 h6 5. f4 d6 6. Nf3 Nf6 7. Na4 Bb6 8. Nxb6 axb6 9. a3 exf4 10. Bxf4 Qe7 11. 0-0 0-0 12. Nh4 Be6 13. Nf5 Bxf5 14. exf5 d5 15. Ba2 Rfe8 16. Qd2 Ng4 17. h3 Nf6 18. Rf3 Nd4 19. Rff1 Ne2+ 20. Kh1 Nxf4 21. Qxf4 Qe5 22. Qxe5 Rxe5 23. Rae1 Rae8 24. Rxe5 Rxe5 25. Kg1 c6 26. g4 Re2 27. Rf2 Re3 28. Kg2 b5 29. Bb3 Kf8 30. Rf3 Re1 31. Rf2 Ke7 32. Kf3 Kd6 33. Re2 Rxe2 34. Kxe2 Ke5 35. Ke3 Nd7 36. h4 g5 37. fxg6 fxg6 38. d4+ Kf6 39. Kf4 g5+ 40. hxg5+ hxg5+ 41. Ke3 Nb6 42. Kd3 Ke6 43. c3 Kd6 44. Kd2 Nc4+ 45. Kc1 1/2-1/2

[Event "GER-ch U16 Girls"]
[Site "Willingen"]
[Date "2003.06.11"]
[Round "7"]
[White "Busse, Nadine"]
[Black "Hammerich, Nadine"]
[Result "1/2-1/2"]
[WhiteElo "1586"]
[BlackElo "1435"]
[PlyCount "109"]
[EventDate "2003.06.08"]
[EventType "swiss"]
[EventRounds "9"]
[EventCountry "GER"]
[SourceTitle "CBM 094 Extra"]
[Source "ChessBase"]
[SourceDate "2003.07.09"]
[SourceVersion "2"]
[SourceVersionDate "2003.07.09"]
[SourceQuality "1"]

1. e4 e6 2. d4 d5 3. e5 c5 4. c3 Nc6 5. Nf3 Qb6 6. Be2 cxd4 7. cxd4 Nh6 8. Nc3 Nf5 9. Na4 Qa5+ 10. Bd2 Bb4 11. Bc3 b5 12. a3 Bxc3+ 13. Nxc3 b4 14. axb4 Qxb4 15. Bb5 Bd7 16. Bxc6 Bxc6 17. Qd2 0-0 18. 0-0 Rfb8 19. Rab1 a5 20. Rfc1 h6 21. Rc2 a4 22. Rbc1 Bd7 23. g4 Ne7 24. Nb1 Qxd2 25. Nbxd2 Rc8 26. Ne1 Rxc2 27. Rxc2 Rc8 28. Rxc8+ Nxc8 29. Nd3 Nb6 30. f4 Nc4 31. Nxc4 dxc4 32. Nc5 Bb5 33. Kf2 Kh7 34. Ke3 c3 35. bxc3 a3 36. Nb3 Bc4 37. Na1 a2 38. Kd2 Kg6 39. Kc2 f5 40. exf6 Kxf6 41. Kb2 g5 42. fxg5+ Kxg5 43. Nc2 Bd3 44. Na3 Kxg4 45. Kxa2 Kh3 46. c4 Kxh2 47. Kb2 Kg3 48. Kc3 Be4 49. Kd2 h5 50. Nb5 h4 51. Nc3 Bf3 52. d5 exd5 53. cxd5 Bxd5 54. Nxd5 h3 55. Ne3 1/2-1/2

[Event "GER-ch U16 Girls"]
[Site "Willingen"]
[Date "2003.06.10"]
[Round "4"]
[White "Busse, Nadine"]
[Black "Dauer, Christina"]
[Result "0-1"]
[WhiteElo "1586"]
[BlackElo "1444"]
[PlyCount "58"]
[EventDate "2003.06.08"]
[EventType "swiss"]
[EventRounds "9"]
[EventCountry "GER"]
[SourceTitle "CBM 094 Extra"]
[Source "ChessBase"]
[SourceDate "2003.07.09"]
[SourceVersion "2"]
[SourceVersionDate "2003.07.09"]
[SourceQuality "1"]

1. e4 e6 2. d4 d5 3. e5 c5 4. c3 Nc6 5. Nf3 Qb6 6. Be2 cxd4 7. cxd4 Bd7 8. 0-0 Nge7 9. Na3 Nf5 10. Nc2 Nb4 11. Nxb4 Bxb4 12. g4 Nh6 13. a3 Be7 14. h3 Bb5 15. Bxb5+ Qxb5 16. Bxh6 gxh6 17. Qd2 Qb3 18. Qe2 Rg8 19. Kg2 Kd7 20. Rfc1 Rac8 21. Nd2 Qb6 22. Qe3 Bg5 23. f4 Bh4 24. Nf3 Qxb2+ 25. Kh1 Bf2 26. Qd2 Qxd2 27. Nxd2 Bxd4 28. Rab1 Rxc1+ 29. Rxc1 Be3 0-1

[Event "GER-ch U16 Girls"]
[Site "Willingen"]
[Date "2003.06.08"]
[Round "2"]
[White "Wolk, Friederike"]
[Black "Busse, Nadine"]
[Result "1-0"]
[WhiteElo "1684"]
[BlackElo "1586"]
[PlyCount "59"]
[EventDate "2003.06.08"]
[EventType "swiss"]
[EventRounds "9"]
[EventCountry "GER"]
[SourceTitle "CBM 094 Extra"]
[Source "ChessBase"]
[SourceDate "2003.07.09"]
[SourceVersion "2"]
[SourceVersionDate "2003.07.09"]
[SourceQuality "1"]

1. e4 c5 2. Nc3 e6 3. g3 g6 4. Bg2 Bg7 5. d3 Ne7 6. Be3 Qc7 7. Qd2 a6 8. Bh6 0-0 9. h4 Qe5 10. Bxg7 Qxg7 11. h5 Nbc6 12. 0-0-0 b5 13. e5 Qxe5 14. Nf3 Qg7 15. Rh2 f6 16. hxg6 Qxg6 17. Rdh1 Rf7 18. Ne4 Nf5 19. Bh3 Rg7 20. Bxf5 Qxf5 21. Nh4 Qe5 22. f4 Qc7 23. Nxf6+ Kf7 24. Nh5 Rg8 25. f5 Qe5 26. Qh6 Qh8 27. Nf3 Bb7 28. Ng5+ Ke7 29. f6+ Kd6 30. Nf7+ 1-0

[Event "Guben op"]
[Site "Guben"]
[Date "2003.??.??"]
[Round "2"]
[White "Svoboda, Jan"]
[Black "Busse, Nadine"]
[Result "1/2-1/2"]
[WhiteElo "2054"]
[BlackElo "1934"]
[PlyCount "45"]
[EventDate "2003.??.??"]
[EventType "swiss"]
[EventRounds "7"]
[EventCountry "GER"]
[SourceTitle "EXT 2008"]
[Source "ChessBase"]
[SourceDate "2007.11.25"]
[SourceVersion "1"]
[SourceVersionDate "2007.11.25"]
[SourceQuality "1"]

1. c4 e6 2. Nc3 d5 3. cxd5 exd5 4. d4 Nf6 5. g3 Bd6 6. Qc2 0-0 7. Bg2 c6 8. Nf3 Bg4 9. 0-0 Re8 10. a3 Nbd7 11. Re1 Qc7 12. Bg5 Bh5 13. Rac1 Bg6 14. Qd2 Ne4 15. Nxe4 Bxe4 16. Nh4 Bxg2 17. Nxg2 Nf8 18. Bf4 Ne6 19. Bxd6 Qxd6 20. Rc2 Qe7 21. h4 Qf6 22. Rd1 Qf5 23. Re1 1/2-1/2

[Event "Greifswald Ryck op"]
[Site "Greifswald"]
[Date "2002.08.25"]
[Round "6"]
[White "Busse, Nadine"]
[Black "Klingenberg, Dietrich"]
[Result "0-1"]
[WhiteElo "1586"]
[BlackElo "1695"]
[PlyCount "78"]
[EventDate "2002.08.??"]
[EventType "swiss"]
[EventRounds "7"]
[EventCountry "GER"]
[SourceTitle "EXT 2005"]
[Source "ChessBase"]
[SourceDate "2004.11.15"]
[SourceVersion "1"]
[SourceVersionDate "2004.11.15"]
[SourceQuality "1"]

1. e4 e6 2. d4 d5 3. e5 c5 4. c3 Nc6 5. Nf3 Nge7 6. Na3 a6 7. Nc2 cxd4 8. cxd4 Ng6 9. Be2 Be7 10. 0-0 0-0 11. b3 Bd7 12. Ba3 Bxa3 13. Nxa3 Rc8 14. Qd2 f6 15. exf6 Qxf6 16. Rac1 Nf4 17. Rfe1 Qg6 18. g3 Qg4 19. Ne5 Nh3+ 20. Kh1 Nxf2+ 21. Kg1 Nh3+ 22. Kh1 Nf2+ 23. Kg1 Nh3+ 24. Kh1 Qe4+ 25. Bf3 Qxd4 26. Qxd4 Nxd4 27. Bxd5 Rxc1 28. Rxc1 exd5 29. Nxd7 Rf2 30. Rc8+ Kf7 31. Rf8+ Ke7 32. Rxf2 Nxf2+ 33. Kg2 Ne4 34. Ne5 Ke6 35. Nd3 Nc3 36. Nc5+ Ke5 37. Nxb7 Nxa2 38. Nc5 Nb4 39. Nb1 Kd6 0-1

[Event "GER-ch U18 Girls"]
[Site "Winterberg"]
[Date "2002.05.25"]
[Round "9"]
[White "Busse, Nadine"]
[Black "Thiery, Jennifer"]
[Result "1/2-1/2"]
[WhiteElo "1597"]
[BlackElo "1626"]
[PlyCount "35"]
[EventDate "2002.05.19"]
[EventType "swiss"]
[EventRounds "8"]
[EventCountry "GER"]
[SourceTitle "CBM 088 Extra"]
[Source "ChessBase"]
[SourceDate "2002.07.01"]
[SourceVersion "2"]
[SourceVersionDate "2002.07.01"]
[SourceQuality "1"]

1. e4 c5 2. Nf3 Nc6 3. d4 cxd4 4. Nxd4 g6 5. Nc3 Bg7 6. Be3 Nf6 7. Bc4 0-0 8. Bb3 a5 9. a4 Ng4 10. Qxg4 Nxd4 11. Qd1 Nxb3 12. cxb3 d6 13. 0-0 Be6 14. Rb1 Ra6 15. Nd5 Rc6 16. Qd2 Bxd5 17. Qxd5 Qc7 18. Rfc1 1/2-1/2